00695nam a2200169 a 450000500170000000800410001702000180005805000290007610000200010524500860012526000850021130000190029650000410031565000440035665000580040065000670045820140412111228.0020410s19uu xx 00 eng d a0-87120-185-2 aTR(GS 375.42 8bT33 1991 aTchudi, Stephen aPlanning and assessing the curriculum in English language arts /cStephen Tchudi. aAlexandria, VA :bAssociation for Supervision and Curriculum Development,c1991. avi p. ; 112 p. aIncludes bibliographical references. aLanguage artsxUnited StatesxCurricula aLanguage artsxUnited StatesxCurriculaxCase studies aEnglish languagexStudy and teachingxUnited StatesxCurricula